000
00344nam a2200133Ia 4500
008
151213s9999 xx 000 0 und d
100
_a
Milton Kouner
245
_a
The Challenge of Coexistence
_c
Milton Kouner
260
_a
New York
_b
Ballantine Books
_c
1961
300
_a
4605 p.
650
_a
English
700
_a
Milton Kouner
999
_c
2963
_d
2963